[Event "HCL-E1460"]
[Site "www.playchess.de"]
[Date "2006.03.03"]
[Round "2"]
[White "UGY"]
[Black "HFlew"]
[WhiteElo "1808"]
[BlackElo "1765"]
[PlyCount "67"]
[Result "1-0"]

1.e4 {Hello from Budva, Montenegro and good luck.} 
 e6 {Hi from Michigan, and good luck.  :-)}  2.d4 
d5 3.Nc3 Nf6 4.Bg5 Be7 5.e5 Nfd7 6.Bxe7 Qxe7 7.Nf3 
O-O 8.Bd3 c5 9.O-O cxd4 10.Nb5 Nc6 11.Re1 a6 
12.Nbxd4 Nxd4 13.Nxd4 Nc5 14.c3 Nxd3 15.Qxd3 Bd7 
16.Re3 Rac8 17.Rh3 g6 18.Re1 Kg7 19.Rf3 f6 20.Qe2 
f5 21.Qd2 Rf7 22.Qf4 h6 23.Rg3 Rh8 24.a3 g5 25.Rc1 
Kh7 26.Qd2 Rg8 27.c4 Bc6 28.Nxc6 bxc6 29.cxd5 cxd5 
30.Rc6 Qb7 31.Rxe6 Re7 32.Rf6 Rxe5 33.f4 Re4 
34.fxg5 1-0

[Event "HCL-M844"]
[Site "www.playchess.de"]
[Date "2006.03.03"]
[Round "36"]
[White "DeepFrank"]
[Black "spidey"]
[WhiteElo "2097"]
[BlackElo "1897"]
[PlyCount "55"]
[Result "1-0"]

1.d4 {Hi and good game!}  Nf6 {hello, good luck}  
2.c4 c5 3.d5 b5 4.cxb5 a6 5.e3 g6 6.Nc3 Bg7 7.Nf3 
d6 8.a4 O-O 9.Ra3 Nbd7 10.e4 Qc7 11.Be2 axb5 
12.Bxb5 Bb7 13.O-O Ba6 14.Qc2 Rfb8 15.Re1 Ng4 
16.Bc6 Bb7 17.Nb5 Qc8 18.Bxb7 Rxb7 19.Nd2 Nb6 
20.b3 Ne5 21.f4 Ned7 22.Nc4 Qb8 23.Bd2 Nxc4 
24.bxc4 Nb6 25.Rb1 e6 26.a5 exd5 27.axb6 Rxa3 
28.Nxa3 1-0

[Event "HCL-B3872"]
[Site "www.playchess.de"]
[Date "2006.03.03"]
[Round "11"]
[White "ama49"]
[Black "fighter"]
[WhiteElo "1138"]
[BlackElo "1330"]
[PlyCount "42"]
[Result "0-1"]

1.e4 {Hello again}  c5 {hello :)}  2.Nf3 Nf6 3.Nc3 
d6 4.d4 cxd4 5.Nxd4 g6 6.Bg5 Bg7 7.Bb5+ Bd7 8.O-O 
Bxb5 9.Ndxb5 Qb6 10.Qd3 a6 11.Na3 Qxb2 12.Na4 Qb4 
13.Qb3 Qxb3 14.axb3 Nxe4 15.Be3 Bxa1 16.Rxa1 Nd7 
17.Nc4 Rc8 18.Nab2 d5 19.Na3 O-O 20.Rc1 Nc3 21.Bd4 
Ne2+ 0-1

[Event "HCL-T256"]
[Site "www.playchess.de"]
[Date "2006.03.03"]
[Round "7"]
[White "luciano59"]
[Black "abebebikila"]
[WhiteElo "2261"]
[BlackElo "1724"]
[PlyCount "47"]
[Result "1-0"]

1.e4 e5 2.f4 exf4 3.Nf3 d6 4.Bc4 h6 5.d4 g5 6.h4 
Bg7 7.hxg5 hxg5 8.Rxh8 Bxh8 9.Kf2 g4 10.Qh1 Bg7 
11.Qh5 Qf6 12.e5 dxe5 13.Nxe5 Nh6 {pretty game}  
14.Nc3 {yes}  Nc6 15.Nd5 Qf5 16.Nxc7+ Kf8 17.Qxf5 
Bxf5 18.Nxa8 Nxd4 19.Bxf4 Nxc2 20.Rd1 f6 21.Ng6+ 
Bxg6 22.Bd6+ Ke8 23.Bc5 Be4 24.Nc7+ 1-0

[Event "HCL-B3842"]
[Site "www.playchess.de"]
[Date "2006.03.03"]
[Round "5"]
[White "Menace"]
[Black "goach44"]
[WhiteElo "1200"]
[BlackElo "1300"]
[PlyCount "26"]
[Result "0-1"]

1.d4 d5 2.e3 Nc6 3.Nc3 Nf6 4.Nh3 e5 5.Na4 Bd6 
6.Be2 O-O 7.O-O Bxh3 8.gxh3 e4 9.h4 Qd7 10.f3 Qh3 
11.Rf2 Qxh4 12.f4 Qh3 13.Qf1 Qxf1+ 0-1

[Event "HCL-B3818"]
[Site "www.playchess.de"]
[Date "2006.03.03"]
[Round "3"]
[White "ft211"]
[Black "Clarion"]
[WhiteElo "1200"]
[BlackElo "1131"]
[PlyCount "34"]
[Result "0-1"]

1.e4 Nc6 2.d4 e5 3.d5 Nce7 4.Nf3 d6 5.Be2 c6 6.O-O 
Nf6 7.Bg5 Nxe4 8.Bxe7 Bxe7 9.Nbd2 cxd5 10.Nb3 Nf6 
11.Qd2 O-O 12.Rad1 a5 13.Rfe1 Ne4 14.Qe3 Be6 
15.Nc1 Rb8 16.Nd2 Nxf2 17.Qxf2 
f6 0-1

[Event "HCL-B3897"]
[Site "www.playchess.de"]
[Date "2006.03.03"]
[Round "3"]
[White "schnitzly"]
[Black "Ulpe"]
[WhiteElo "1286"]
[BlackElo "1619"]
[PlyCount "48"]
[Result "0-1"]

1.e4 {Hallo und viel Spass!}  c5 2.Nf3 d6 3.Bb5+ 
Nc6 4.Nc3 Bd7 5.d3 a6 6.Bxc6 Bxc6 7.O-O e6 8.a3 
Nf6 9.Bg5 Be7 10.b4 h6 11.Bh4 Qb6 12.bxc5 Qxc5 
13.Ne2 O-O 14.Qc1 Rac8 15.Rb1 b5 16.Nfd4 Bd7 17.c3 
Rfd8 18.Nb3 Qh5 19.Bxf6 Bxf6 20.f3 Be5 21.h3 d5 
22.d4 Bd6 23.e5 Be7 24.Rb2 Bxa3 0-1

[Event "HCL-A2549"]
[Site "www.playchess.de"]
[Date "2006.03.03"]
[Round "10"]
[White "shepherd"]
[Black "Sobral"]
[WhiteElo "1656"]
[BlackElo "1700"]
[PlyCount "48"]
[Result "1/2-1/2"]

1.e4 c5 2.b4 b6 3.Bb2 Bb7 4.bxc5 bxc5 {Happy New 
Year !}  5.Nc3 d6 6.Nf3 {Happy new year too.}  e5 
7.Bc4 Be7 8.d3 Nc6 9.a4 a6 {(offering draw)}  
10.Qd2 Nd4 11.Nxd4 cxd4 {(offering draw)}  12.Ne2 
{Why not ask for a draw after move 1? I'm herer to 
_play_ the game until there is a clear decision.}  
d5 13.exd5 Bxd5 14.Bxd5 Qxd5 15.O-O Nf6 16.f4 Bd6 
17.fxe5 Bxe5 18.Ba3 Ng4 {(offering draw) I am 
offering the draw because I think the game is 
double-edged and if we draw we can both clinch for 
first place. Regards.}  19.Nf4 {Sorry, I 
personally don't like drawing a game when I see 
realistic winning chances. You're free to prove me 
wrong;-)  
Kind Regards.}  Qc6 {No problem, my friend. Let's 
play to the end. Regards.}  20.Qb4 Ra7 21.Rae1 Ne3 
22.Rxe3 dxe3 23.d4 Rb7 24.Qa5 Bxf4 {(offering 
draw)}  1/2-1/2

[Event "HCL-E1560"]
[Site "www.playchess.de"]
[Date "2006.03.03"]
[Round "7"]
[White "redstar"]
[Black "chess50"]
[WhiteElo "1730"]
[BlackElo "2155"]
[PlyCount "62"]
[Result "1-0"]

1.e4 e5 2.Nf3 Nf6 3.Nxe5 d6 4.Nf3 Nxe4 5.d4 d5 
6.Bd3 Be7 7.O-O O-O 8.c4 Nf6 9.Nc3 dxc4 10.Bxc4 
Bg4 11.h3 Bh5 12.Be3 Nbd7 13.Be2 Nb6 14.Ne5 Bxe2 
15.Qxe2 c6 16.Rad1 Nbd5 17.Qf3 Qa5 18.Nxd5 Nxd5 
19.a3 Rad8 20.Qg4 Qb5 21.b4 a5 22.Bd2 Nf6 23.Qh4 
axb4 24.axb4 Nd5 25.Qg4 f5 26.Qg3 f4 27.Qg4 Rf6 
28.Rdb1 Bd6 29.Nd7 Rg6 30.Qf5 Qe2 31.Rb2 
f3 1-0

[Event "HCL-C4179"]
[Site "www.playchess.de"]
[Date "2006.03.03"]
[Round "6"]
[White "Domi"]
[Black "Linman2"]
[WhiteElo "800"]
[BlackElo "1502"]
[PlyCount "41"]
[Result "1-0"]

1.e4 e6 2.d4 d5 3.Nc3 dxe4 4.Nxe4 Nf6 5.Nxf6+ Qxf6 
6.Nf3 Qd8 7.Bd3 Nd7 8.Be3 Be7 9.c3 O-O 10.Qc2 Nf6 
11.O-O-O c6 12.Kb1 a5 13.Ng5 h6 14.h4 b5 15.g4 
Nxg4 16.Bh7+ Kh8 17.Bg8 Nf6 18.Nxf7+ Rxf7 19.Bxf7 
b4 20.c4 a4 21.Qg6 1-0

[Event "HCL-A2543"]
[Site "www.playchess.de"]
[Date "2006.03.03"]
[Round "6"]
[White "spongebobby"]
[Black "Wernswig"]
[WhiteElo "1273"]
[BlackElo "1423"]
[PlyCount "107"]
[Result "1-0"]

1.e4 e5 {hallo}  2.Nf3 {hi, wünsche ein schönes 
spiel}  Nf6 3.Nc3 Nc6 4.Bb5 d6 5.O-O Bd7 6.d3 Be7 
7.Bg5 O-O 8.a4 a6 9.Bc4 Ne8 10.Qd2 Nd4 11.Bxe7 
Qxe7 12.Nxd4 exd4 13.Nd5 Qh4 14.g3 Qh3 15.Nf4 Qg4 
16.f3 Qg5 17.b4 Bh3 18.Rf2 Nf6 19.Nxh3 Qxd2 
20.Rxd2 c6 21.Ng5 c5 22.Bxf7+ Kh8 23.bxc5 h6 
24.cxd6 hxg5 25.Bg6 Rad8 26.e5 Nd5 27.Be4 Nb6 
28.Bxb7 a5 29.Rdd1 Nc8 30.Bxc8 Rdxc8 31.d7 Rcd8 
32.e6 Rxf3 33.e7 Rdf8 34.exf8Q+ Rxf8 35.Rdf1 Rd8 
36.Rf7 Kh7 37.Re1 Kg6 38.Re8 Kxf7 39.Rxd8 Ke7 
40.Ra8 Kxd7 41.Rxa5 g4 42.Rd5+ Kc6 43.Rxd4 Kc5 
44.Rxg4 Kb6 45.Rxg7 Ka5 46.Rg4 Ka6 47.h4 Ka7 48.h5 
Kb7 49.Rg6 Kc7 50.h6 Kd7 51.h7 Ke7 52.h8Q Kf7 
53.Qh7+ Kf8 {GUT GESPIELT}  54.Rg8+ {Danke, bis 
zum nächsten  Mal!}  1-0

[Event "ACL-T170"]
[Site "www.playchess.de"]
[Date "2006.03.03"]
[Round "2"]
[White "puddschini"]
[Black "lostpawn2000"]
[WhiteElo "1974"]
[BlackElo "1249"]
[PlyCount "47"]
[Result "1-0"]

1.d4 d5 2.c4 e6 3.Nf3 Nf6 4.Bg5 {enjoy the game.}  
Nbd7 {likewise}  5.e3 c6 6.Nc3 Qa5 7.Nd2 Bb4 8.Qc2 
dxc4 9.Bxf6 Nxf6 10.Nxc4 O-O 11.Nxa5 Bxa5 {ouch}  
12.Bd3 b5 13.O-O b4 14.Ne4 Bb7 15.Nxf6+ gxf6 
16.Bxh7+ Kg7 17.Be4 Rac8 18.Qc5 Bb6 19.Qxb4 c5 
20.dxc5 Bxc5 21.Qxb7 Rcb8 22.Qc7 Rbc8 23.Qg3+ Kh8 
24.Qh4+ 1-0

[Event "HCL-C4190"]
[Site "www.playchess.de"]
[Date "2006.03.03"]
[Round "3"]
[White "Veltliner"]
[Black "Skipper_Robert"]
[WhiteElo "1383"]
[BlackElo "963"]
[PlyCount "87"]
[Result "1-0"]

1.e3 e5 2.Nc3 d5 3.Qh5 Nc6 4.Bb5 Qd6 5.Nf3 Ke7 
6.Bxc6 bxc6 7.Nxe5 g6 8.Qh4+ f6 9.Nxg6+ hxg6 
10.Qxh8 Be6 11.Qh4 g5 12.Qa4 Nh6 13.b3 Bg7 14.Ba3 
c5 15.d4 Kf7 16.Bxc5 Qd7 17.Qxd7+ Bxd7 18.Nxd5 c6 
19.Nb4 a5 20.Nd3 Re8 21.c4 Ng4 22.Ke2 f5 23.h3 Nf6 
24.f3 f4 25.e4 Be6 26.Ne5+ Kg8 27.Nxc6 a4 28.d5 
Nh5 29.Bf2 Bd7 30.Rad1 a3 31.Nb4 Bc3 32.Nc2 Bb2 
33.Kf1 Ra8 34.Kg1 Bc3 35.Kh2 Be5 36.Rdb1 Bd6 37.b4 
Rb8 38.c5 Be5 39.Nxa3 Ba4 40.b5 Ra8 41.Nc4 Bc7 
42.b6 Bb8 43.c6 Bd6 44.Nxd6 1-0

[Event "HCL-B3749"]
[Site "www.playchess.de"]
[Date "2006.03.03"]
[Round "10"]
[White "Oksana_k"]
[Black "val2005"]
[WhiteElo "1200"]
[BlackElo "1421"]
[PlyCount "46"]
[Result "1/2-1/2"]

1.e4 c5 2.Nc3 d6 3.g3 a6 4.Bg2 Nc6 5.f4 Bd7 6.Nf3 
e6 7.O-O b5 8.d3 Rb8 9.Rb1 Qc7 10.Be3 b4 11.Ne2 
Nf6 12.h3 e5 13.f5 Be7 14.Kh2 h6 15.b3 Nh7 16.Qd2 
Nd4 17.Rf2 Nxf3+ 18.Rxf3 Bg5 19.h4 Bxe3 20.Qxe3 
Nf6 21.Bh3 Rb5 22.g4 Ra5 23.Rb2 Ra3 {(offering 
draw)}  1/2-1/2

[Event "HCL-B3853"]
[Site "www.playchess.de"]
[Date "2006.03.03"]
[Round "5"]
[White "unclcarle"]
[Black "evets"]
[WhiteElo "1057"]
[BlackElo "1367"]
[PlyCount "65"]
[Result "1-0"]

1.e4 c5 2.b3 Nf6 3.Bb2 d5 4.Bxf6 gxf6 5.Bb5+ Bd7 
6.Bxd7+ Nxd7 7.exd5 Rg8 8.g3 e6 9.dxe6 fxe6 
10.Qh5+ Ke7 11.Qxh7+ Rg7 12.Qh4 Qc7 13.Nf3 Ne5 
14.Qe4 Nxf3+ 15.Qxf3 Qe5+ 16.Kf1 Qxa1 17.Kg2 Qd4 
18.Qxb7+ Kd6 19.Qxa8 f5 20.Qxf8+ Kc6 21.Re1 Qd5+ 
22.Kg1 Rd7 23.Qc8+ Kd6 24.Qa6+ Ke7 25.c4 Qd6 
26.Qc8 Rd8 27.Qb7+ Kf6 28.Qxa7 Rh8 29.Qb7 f4 
30.Qf3 Rh3 31.Qxf4+ Qxf4 32.gxf4 Kf5 
33.Re3 1-0

[Event "HCL-C4156"]
[Site "www.playchess.de"]
[Date "2006.03.03"]
[Round "3"]
[White "Maneco"]
[Black "pytolo98"]
[WhiteElo "1099"]
[BlackElo "1160"]
[PlyCount "81"]
[Result "1-0"]

1.e4 {Olá amigo!!!!!}  e5 {ciao, buona fortuna}  
2.Nf3 Qf6 3.d3 h6 4.Nc3 Bb4 5.Bd2 d6 6.Nd5 Qd8 
7.Bxb4 Be6 8.Nc3 a6 9.Ne2 Bg4 10.Qd2 Bxf3 11.gxf3 
Qf6 12.f4 exf4 13.Bc3 Qg6 14.Nxf4 Qg5 15.Nd5 Qd8 
16.Bxg7 Rh7 17.Rg1 Nc6 18.Qf4 Qd7 19.Nf6+ Nxf6 
20.Bxf6 Kf8 21.Qg3 Ne7 22.Bxe7+ Kxe7 23.Bh3 Qb5 
24.O-O-O Rhh8 25.Qh4+ Kf8 26.Qf6 Rg8 27.Be6 {mate 
in 4}  Qe8 28.Rxg8+ Kxg8 29.Qxh6 Qxe6 30.Rg1+ Qg6 
31.Rxg6+ fxg6 32.Qxg6+ Kf8 33.h4 Re8 34.h5 Re7 
{mate in 4??}  35.f4 Rg7 36.Qf6+ {You get a 
chance!}  Rf7 37.Qh6+ Rg7 38.f5 Kg8 39.f6 Rh7 
40.Qg6+ Kh8 41.Qe8+ 1-0

[Event "HCL-C4182"]
[Site "www.playchess.de"]
[Date "2006.03.03"]
[Round "9"]
[White "nichju"]
[Black "Maneco"]
[WhiteElo "1060"]
[BlackElo "1097"]
[PlyCount "76"]
[Result "0-1"]

1.e4 {Hi again and good luck to you}  e5 {hi! good 
luck to!}  2.Nf3 d6 3.d4 Bg4 4.Be2 Bxf3 5.Bxf3 Nc6 
6.d5 Nd4 7.c3 Nxf3+ 8.Qxf3 Nf6 9.O-O Qd7 10.Nd2 
O-O-O 11.Qe3 Kb8 12.b4 Ng4 13.Qd3 Be7 14.f3 Nf6 
15.a4 b6 16.Nc4 c6 17.Be3 cxd5 18.exd5 Qb7 19.a5 
Nxd5 20.axb6 axb6 21.Bf2 Bf6 22.Ra2 e4 23.fxe4 
Nxc3 24.Nxd6 Nxa2 25.Nxb7 Rxd3 26.Ra1 Bxa1 27.h3 
Kxb7 28.b5 Rc8 29.g4 Rc1+ 30.Kg2 Rd2 31.Kf3 Bd4 
32.Bxd4 Rxd4 33.Kf4 Rf1+ 34.Ke5 Rc4 35.h4 Re1 
36.Kd5 Rexe4 37.g5 Nb4+ 38.Kd6 
Rcd4+ 0-1

[Event "HCL-E1541"]
[Site "www.playchess.de"]
[Date "2006.03.03"]
[Round "17"]
[White "alldrix"]
[Black "Vinci"]
[WhiteElo "1600"]
[BlackElo "1588"]
[PlyCount "99"]
[Result "1/2-1/2"]

1.e4 {hey!}  e5 {hi again ;-) happy new year!}  
2.Nc3 {:)}  Nf6 3.Bc4 Bc5 4.Nf3 Nc6 5.O-O O-O 6.d3 
a6 7.Bg5 h6 8.Be3 Bxe3 9.fxe3 d6 10.d4 exd4 
11.exd4 Bg4 12.Qd3 b5 13.Bb3 Na5 14.h3 Bh5 15.e5 
Nxb3 16.axb3 Nh7 17.Rf2 Ng5 18.Nxg5 Qxg5 19.exd6 
cxd6 20.Ne4 Qe7 21.Ng3 Bg6 22.Qe2 Qh4 23.Qg4 Qxg4 
24.hxg4 Rfe8 25.b4 Re3 26.Nf5 Re4 27.c3 Bxf5 {hm, 
very difficult to get any advantage...}  28.gxf5 
{yes, a good game}  Kf8 29.f6 g6 30.Kf1 d5 31.Re2 
Re6 32.Rf2 Rc8 33.Kg1 Rcc6 34.Raf1 Kg8 35.g4 g5 
36.R2f5 Rcd6 37.Re5 Rexf6 {(offering draw) it will 
be a draw i suppose, because of the rook endgame. 
what do you think?}  38.Rxf6 {let's play a bit 
more, the are many paws to take in both sides :)}  
Rxf6 {true}  39.Rxd5 Rf4 40.Rd6 Rxg4+ 41.Kf2 Rf4+ 
42.Kg3 Kg7 43.Rxa6 h5 44.Ra5 {i think you have a 
great advantage}  h4+ 45.Kg2 Rf5 46.c4 g4 47.cxb5 
h3+ 48.Kg3 Rf3+ 49.Kxg4 h2 {no advantage for me. 
very probably draw}  50.Ra1 {(offering draw) no, 
you made a mistake 3 moves ago... as soon as i 
told you you have a advantage} 
 1/2-1/2

[Event "HCL-E1571"]
[Site "www.playchess.de"]
[Date "2006.03.03"]
[Round "26"]
[White "alldrix"]
[Black "Vinci"]
[WhiteElo "1645"]
[BlackElo "1604"]
[PlyCount "25"]
[Result "1-0"]

1.e4 {hello!}  e6 {hello and an exciting game!}  
2.d4 {:)}  d5 3.Nd2 c5 4.Ngf3 Nc6 5.exd5 exd5 
6.Bb5 a6 7.Bxc6+ bxc6 8.O-O Be6 9.Re1 h6 10.Ne5 
Rc8 11.f4 Nf6 12.f5 Ng4 {puh, very very good 
move... i sad to say this ;-)}  
13.Qxg4 1-0

[Event "HCL-A2576"]
[Site "www.playchess.de"]
[Date "2006.03.03"]
[Round "4"]
[White "GED"]
[Black "Kannsnich"]
[WhiteElo "1433"]
[BlackElo "1319"]
[PlyCount "59"]
[Result "1-0"]

1.e4 {hello from liverpool, and good luck!}  c6 
{hello from munich}  2.d4 d5 3.Nc3 dxe4 4.Nxe4 Nd7 
5.Nf3 Ngf6 6.Nxf6+ Nxf6 7.Bc4 Bg4 8.Bxf7+ Kxf7 
9.Ne5+ Ke8 10.Nxg4 Qd5 11.Nxf6+ exf6 12.O-O Be7 
13.Re1 Kf7 14.c3 Rhe8 15.Qb3 Qxb3 16.axb3 Bd6 
17.Rxe8 Rxe8 18.Bd2 Re2 19.Rd1 c5 20.Kf1 Re7 21.d5 
b5 22.c4 b4 23.Ra1 Be5 24.Ra2 g6 25.Be3 Bd6 26.Ra6 
Rd7 27.Rc6 Ke7 28.Bxc5 Bxc5 29.Rxc5 f5 
30.Rb5 1-0

[Event "HCL-B3858"]
[Site "www.playchess.de"]
[Date "2006.03.03"]
[Round "16"]
[White "Viking"]
[Black "seisan"]
[WhiteElo "1087"]
[BlackElo "1392"]
[PlyCount "74"]
[Result "0-1"]

1.d4 d5 2.c4 c6 3.Nf3 Nf6 4.Nc3 e6 5.e3 Be7 6.Qc2 
O-O 7.Bd3 Nbd7 8.O-O dxc4 9.Bxc4 b5 10.Bd3 a6 
11.Re1 Bb7 12.e4 h6 13.e5 Nd5 14.a4 Rc8 15.b3 Nb4 
16.Bh7+ Kh8 17.Be4 Nb6 18.Qe2 N6d5 19.Nb1 c5 
20.Be3 cxd4 21.Nxd4 bxa4 22.bxa4 Bg5 23.Bd2 a5 
24.g3 Bxd2 25.Qxd2 Qb6 26.Na3 Nc3 27.f3 Bxe4 
28.fxe4 Rfd8 29.Nab5 Nxb5 30.axb5 Rxd4 31.Qf2 Nd3 
32.Qb2 Nxb2 33.Kg2 Rc2+ 34.Kh3 Rdd2 35.Rec1 Rdxh2+ 
36.Kg4 Qe3 37.Rcg1 h5+ 0-1

[Event "HCL-C4127"]
[Site "www.playchess.de"]
[Date "2006.03.03"]
[Round "10"]
[White "epenz"]
[Black "EdDaChed"]
[WhiteElo "980"]
[BlackElo "1094"]
[PlyCount "60"]
[Result "1/2-1/2"]

1.e4 d5 2.f3 dxe4 3.fxe4 e5 4.Nf3 Qf6 5.d3 Bg4 
6.Be2 Nc6 7.h3 Bxf3 8.gxf3 Qh4+ 9.Kd2 Bb4+ 10.c3 
Ba5 11.b4 Bb6 12.Ba3 O-O-O 13.c4 Nd4 14.Nc3 Qf4+ 
15.Ke1 Nxf3+ 16.Bxf3 Qe3+ 17.Qe2 Qxd3 18.Rc1 Be3 
19.Rc2 Bf4 20.Bc1 Rd4 21.Bxf4 exf4 22.Qxd3 Rxd3 
23.Kf2 Nf6 24.Ke2 Re3+ 25.Kf2 Rd8 26.Nd5 Nxd5 
27.cxd5 f6 28.h4 h5 29.Re1 Rxe1 30.Kxe1 g5 
{(offering draw)}  1/2-1/2

[Event "HCL-E1575"]
[Site "www.playchess.de"]
[Date "2006.03.03"]
[Round "6"]
[White "redstar"]
[Black "Duffy"]
[WhiteElo "1725"]
[BlackElo "1612"]
[PlyCount "145"]
[Result "1/2-1/2"]

1.e4 e5 2.Nf3 Nc6 3.Bb5 a6 4.Ba4 Nf6 5.O-O Be7 
6.Re1 b5 7.Bb3 O-O 8.c3 d5 9.exd5 e4 10.dxc6 exf3 
11.d4 fxg2 12.Qf3 Bg4 13.Qxg2 Re8 14.Bg5 Bh5 
15.Nd2 Bg6 16.Re2 Nh5 17.Bxe7 Rxe7 18.Rxe7 Qxe7 
19.Nf3 Nf4 20.Qg4 Nd3 21.h4 Nxb2 22.Ne5 Nd3 23.h5 
Nxe5 24.dxe5 Bd3 25.Rd1 Rd8 26.e6 f5 27.Qg3 Bc4 
28.Rd7 Qf6 29.e7 Re8 30.Rxc7 Rxe7 31.Rxe7 Qxe7 
32.Qe3 Kf8 33.Bxc4 bxc4 34.Qf4 Qe6 35.c7 Ke7 
36.Qd4 {I made it messy, but I think it is still 
mine.}  Qd7 {You have played well, my only hope is 
some kind of perp. check}  37.Qxc4 {Yeah. I will 
need to exercise caution.}  Qc8 38.Qc5+ Kd7 
39.Qxf5+ Kxc7 40.Qe5+ {This should do the trick.}  
Kb6 41.Qxg7 Qf5 42.Qd4+ Kc6 43.Qc4+ Kb6 44.Qe2 
Qg5+ 45.Kf1 Qc1+ 46.Qe1 Qc2 47.a3 Qd3+ 48.Kg1 Qf5 
49.Qe3+ Kb5 50.Qe2+ Kb6 51.Qe3+ Kb5 52.h6 Qg4+ 
53.Kf1 Qd1+ 54.Kg2 Qg4+ 55.Qg3 Qe4+ 56.Kh2 Ka4 
57.Qe3 Qh4+ 58.Kg2 Qg4+ 59.Kf1 Qd1+ 60.Kg2 Qg4+ 
61.Qg3 Qe4+ 62.Kh2 a5 63.Kh3 Qh1+ 64.Kg4 Qxh6 
65.Qe5 Qg6+ 66.Kf3 Qf7+ 67.Ke3 h5 68.Qc5 Qe6+ 
69.Kd2 Qg4 70.c4 Qf4+ 71.Kc2 Qe4+ 72.Kc3 
{Boring... silly bitches...}  Qf3+ {tell me about 
it,I think we've tapped danced on every square 
there is}  73.Kb2 {(offering draw) Yeah. Stupid 
endgames with bitches and no connected pawns. If 
you do not want to enter a mate accept a draw.} 
 1/2-1/2

[Event "HCL-A2564"]
[Site "www.playchess.de"]
[Date "2006.03.03"]
[Round "13"]
[White "scotty4u"]
[Black "RUDI"]
[WhiteElo "1332"]
[BlackElo "1282"]
[PlyCount "86"]
[Result "0-1"]

1.e4 e5 {Hi again!}  2.Bc4 Bc5 3.Nf3 d6 4.O-O Nf6 
5.Nc3 O-O 6.d4 exd4 7.Nxd4 Bxd4 8.Qxd4 Nc6 9.Qd3 
Re8 10.Re1 Be6 11.Bg5 Ne5 12.Qe2 Bxc4 13.Qe3 Be6 
14.Qg3 Ned7 15.Rad1 Qc8 16.f4 Kh8 17.b3 Nb6 18.f5 
Bd7 19.a4 Bc6 20.Bxf6 gxf6 21.a5 Nd7 22.Qh4 Rg8 
23.b4 b6 24.b5 Bb7 25.a6 Bxa6 26.bxa6 Qd8 27.Nd5 
c6 28.Nf4 Qe7 29.Nh5 Rg5 30.g4 Rag8 31.h3 Ne5 
32.Kf2 d5 33.exd5 Qc5+ 34.Kf1 Nf3 35.d6 Qg1+ 
36.Ke2 Qg2+ 37.Qf2 Re8+ 38.Kd3 Nxe1+ 39.Rxe1 Qxf2 
40.Rxe8+ Rg8 41.Nxf6 Rxe8 42.Nxe8 Qf3+ 43.Kd4 
Qd5+ 0-1

[Event "HCL-A2555"]
[Site "www.playchess.de"]
[Date "2006.03.03"]
[Round "4"]
[White "antoniocastro"]
[Black "Jule"]
[WhiteElo "1384"]
[BlackElo "1432"]
[PlyCount "89"]
[Result "1-0"]

1.e4 c5 2.Nf3 Nc6 3.d4 cxd4 4.Nxd4 e5 5.Nb5 a6 
6.Nd6+ Bxd6 7.Qxd6 h6 8.c3 Nf6 9.Nd2 Qe7 10.Qxe7+ 
Nxe7 11.Bd3 O-O 12.O-O d5 13.Re1 Re8 14.exd5 Nexd5 
15.Ne4 Nxe4 16.Bxe4 Nf6 17.Bc2 e4 18.f3 exf3 
19.Rxe8+ Nxe8 20.g3 Bg4 21.Be4 Nf6 22.Bxb7 Rd8 
23.Bf4 a5 24.Kf2 Rd3 25.Re1 g5 26.Be3 Kg7 27.Bxf3 
Bxf3 28.Kxf3 Kg6 29.Ke2 Rd5 30.Bd4 Ng4 31.h3 Nf6 
32.Ke3 h5 33.Rf1 Rf5 34.Rxf5 Kxf5 35.Bxf6 Kxf6 
36.a4 Ke5 37.b4 axb4 38.cxb4 Kd5 39.a5 f5 40.a6 
Kc6 41.b5+ Kb6 42.Kf3 Kc7 43.h4 Kb6 44.hxg5 Kxb5 
45.a7 1-0

[Event "HCL-B3881"]
[Site "www.playchess.de"]
[Date "2006.03.03"]
[Round "7"]
[White "mitke"]
[Black "PANDURANGAIAH"]
[WhiteElo "1291"]
[BlackElo "1011"]
[PlyCount "25"]
[Result "1-0"]

1.e4 {hallo from Croatia}  e5 2.Nf3 Nc6 3.Bc4 Bc5 
4.d3 h6 5.Nbd2 d6 6.O-O Nf6 7.Nb3 Bb6 8.Bd2 a6 
9.Ne1 O-O 10.Kh1 Re8 11.f4 exf4 12.Rxf4 Ne5 
13.Bc3 1-0

[Event "HCL-A2629"]
[Site "www.playchess.de"]
[Date "2006.03.03"]
[Round "35"]
[White "nico21"]
[Black "BohdanL"]
[WhiteElo "1513"]
[BlackElo "1517"]
[PlyCount "59"]
[Result "1-0"]

1.e4 d5 {hi}  2.exd5 {hello}  Nf6 3.Bb5+ Bd7 
4.Bxd7+ Qxd7 5.Nc3 Nxd5 6.Nxd5 Qxd5 7.Qf3 e6 
8.Qxd5 exd5 9.d4 Nd7 10.Bf4 c6 11.Nf3 Nf6 12.O-O 
h6 13.Rfe1+ Ne4 14.Nd2 f5 15.f3 g5 16.Bc7 Kd7 
17.Be5 Nxd2 18.Bxh8 Bb4 19.c3 Bxc3 20.bxc3 Rxh8 
21.Re2 Nc4 22.Rb1 b5 23.a4 a6 24.axb5 axb5 25.Ra1 
Kd6 26.Rae1 Nb6 27.R2e6+ Kd7 28.R6e7+ Kd8 29.Rb7 
Na4 30.Rb8+ 1-0

[Event "HCL-C4128"]
[Site "www.playchess.de"]
[Date "2006.03.03"]
[Round "3"]
[White "trebli"]
[Black "aussie"]
[WhiteElo "819"]
[BlackElo "1099"]
[PlyCount "44"]
[Result "0-1"]

1.e4 e5 2.d3 {Hi, from Buenos Aires.}  d5 
{Greetings and buena suerte from New Jersey.}  
3.Nf3 Nc6 4.Be3 dxe4 5.dxe4 Qxd1+ 6.Kxd1 Bg4 7.Be2 
Nf6 8.b3 O-O-O+ 9.Ke1 Nxe4 10.Nbd2 Bb4 11.h3 Bxf3 
12.Bxf3 Nxd2 13.Bxd2 Bxd2+ 14.Ke2 Bc3 15.Rad1 e4 
16.Bg4+ Kb8 17.Bd7 Nb4 18.f3 exf3+ 19.gxf3 c6 
20.Rhg1 {(offering draw)}  Kc7 21.Bf5 Rhe8+ 22.Kf2 
Bd4+ 0-1

[Event "HCL-B3853"]
[Site "www.playchess.de"]
[Date "2006.03.03"]
[Round "13"]
[White "JRockne"]
[Black "Regicide"]
[WhiteElo "1097"]
[BlackElo "937"]
[PlyCount "23"]
[Result "1-0"]

1.e4 d5 {hi, again}  2.Nc3 c6 3.Nf3 {Good morning 
from Seattle}  d4 {And good afternoon from Zulu 
time zone}  4.Na4 {What does one do in South 
Georgia?}  Bd7 5.Nc5 Qb6 {cOUNT PENGUINS, i 
BELIEVE}  6.Nb3 Na6 7.d3 e6 8.Nfxd4 Be7 9.Be3 Qb4+ 
10.Bd2 Qb6 11.Ba5 Qxa5+ {You've suckered me 
beautifully! Next move I resign and resume 
thinking up alternative ways of losing!  
Congratulations}  12.Nxa5 1-0

[Event "ACL-A655"]
[Site "www.playchess.de"]
[Date "2006.03.03"]
[Round "19"]
[White "M_L"]
[Black "novice1"]
[WhiteElo "1799"]
[BlackElo "1500"]
[PlyCount "47"]
[Result "1-0"]

1.e4 e5 2.Bc4 Nc6 3.Nf3 Qf6 4.Nc3 Bc5 5.Nd5 Qd6 
6.c3 Nf6 7.d4 exd4 8.Bf4 Qe7 9.Nxe7 Kxe7 10.cxd4 
Bb6 11.e5 Ng4 12.h3 Nh6 13.d5 Ba5+ 14.Bd2 Re8 
15.dxc6 Bxd2+ 16.Qxd2 bxc6 17.Ng5 d5 18.O-O-O Rd8 
19.Qb4+ Ke8 20.Nxh7 Be6 21.Qf8+ Kd7 22.Qxg7 Nf5 
23.Nf6+ Kc8 24.Ba6+ 1-0

[Event "HCL-E1539"]
[Site "www.playchess.de"]
[Date "2006.03.03"]
[Round "36"]
[White "Dutchin"]
[Black "HOTSUN"]
[WhiteElo "1637"]
[BlackElo "1626"]
[PlyCount "43"]
[Result "1-0"]

1.e4 {Hello again!}  e5 {hi}  2.Nf3 Nc6 3.c3 a6 
4.Bc4 d6 5.h3 h6 6.d4 exd4 7.cxd4 b5 8.Bb3 Be7 
9.O-O Na5 10.Bc2 Bb7 11.Nc3 Nc6 12.Nd5 Nf6 13.Nxe7 
Nxe7 14.Re1 O-O 15.d5 Ng6 16.b4 Re8 17.Bb2 Nd7 
18.Nd4 Nge5 19.a4 c6 20.dxc6 Nxc6 21.Nf5 Nxb4 
22.Qd4 1-0

[Event "HCL-C4185"]
[Site "www.playchess.de"]
[Date "2006.03.03"]
[Round "5"]
[White "cla114"]
[Black "Henri"]
[WhiteElo "851"]
[BlackElo "744"]
[PlyCount "37"]
[Result "1-0"]

1.e4 e5 {Bonjour et Bonne partie}  2.Nf3 {bonjour} 
 Nc6 3.d4 exd4 4.Nxd4 Nf6 5.Nc3 d5 6.exd5 Qe7+ 
7.Be2 Ne5 8.O-O c6 9.Bf3 Nxd5 10.Nxd5 cxd5 11.Bxd5 
g6 12.Re1 Be6 13.Nxe6 fxe6 14.Rxe5 Rd8 15.c4 Qf6 
16.Qe1 Kf7 17.Bxe6+ Kg7 18.Bg5 Qxe5 
19.Qxe5+ 1-0